000 00494nam a2200217Ia 4500
003 OSt
005 20221005115706.0
006 a|||||r|||| 00| 0
007 ta
008 221004b |||||||| |||| 00| 0 eng d
024 _a117706
037 _cTextual
040 _aCRL
_cCRL
_beng
041 _2eng
_aeng
100 _aBrahma Nand
245 0 _aCo - Ordinate Geometry
260 _c1972
650 _aMATHEMATICS
942 _cTEXL
_2cc
999 _c1035622
_d1035622